| 000 | 00505nam a22001817a 4500 | ||
|---|---|---|---|
| 005 | 20250322143914.0 | ||
| 008 | 250322b |||||||| |||| 00| 0 eng d | ||
| 020 | _a9780470400265 | ||
| 050 |
_aHD69 _b.P75M47 MER |
||
| 100 | _aMeredith, Jack R. | ||
| 245 |
_aProject management; _ba managerial approach |
||
| 250 | _a7th | ||
| 260 |
_aHoboken _bJohn Wiley and Sons _cc2010 |
||
| 300 |
_axv, 587p; _bill.; |
||
| 500 | _aincludes name and subject index | ||
| 700 | _aMantel Samuel J. | ||
| 942 |
_2lcc _cBK _n0 |
||
| 999 |
_c5096 _d5096 |
||